01219nab a22002297a 4500003000400000005001700004008004100021040001100062100002500073245016500098260007300263300001500336500003700351505020600388505010100594505008900695650002300784650001400807650002200821650001200843773013400855OSt20250217203635.0190603e xxum|||| |||| 00| 0 spa d cPJ-TDF aKaufman, Gabriela J.13aEl régimen legal de alimentos debidos a los nietos y el principio de solidaridad familiar :buna mirada desde el diálogo de fuentes /cGabriela J. Kaufman.  cCiudad Autónoma de Buenos Aires :aThomson Reuters La Ley, b2023. ap. 126-134 aCita: TR LALEY AR/DOC/1552/2023. aSumario: I. Antecedentes del caso.— II. Argumentación de la resolución.— III. La responsabilidad de los abuelos en la provisión de alimentos: perspectivas legales.— IV. Palabras de cierre.  tFallo comentado: CNCiv., sala C ~ 14/02/2023 ~ C. M. B. y otro c. B. N. E. y otro s/ alimentos. t¿Te interesa el texto completo? Solicitalo al correo: koha@justierradelfuego.gov.ar 0aDERECHO DE FAMILIA 0aALIMENTOS 0aCUOTA ALIMENTARIA 0aABUELOS0 02713dCiudad Autónoma de Buenos Aires : Thomson Reuters La Ley, 2015-tRevista Código Civil y Comercial. Nº 5 - Octubre 2023